| 000 | 01083nam a22002777a 4500 | ||
|---|---|---|---|
| 003 | NALT | ||
| 005 | 20240906100103.0 | ||
| 008 | s2547 th tha d | ||
| 020 | _a9749251911 | ||
| 040 | _aNALT | ||
| 041 | _atha | ||
| 050 | _aF1788.22.G85 ธ285ช 2547 | ||
| 100 | 0 | _aธเนศ วงศ์ยานนาวา | |
| 245 | 1 | 0 | _aเช เกวารา กับความตาย [2nd] |
| 246 | _aChe Guevara & Death | ||
| 260 | 3 |
_aกรุงเทพฯ : _bcreambooks, _c2547 |
|
| 300 |
_a185 หน้า ; _b21 ซม. |
||
| 650 | 0 | 4 | _aคิวบา -- การเมืองและการปกครอง |
| 650 | 0 | 4 | _aคอมมิวนิสต์ -- ลาตินอเมริกัน |
| 650 | 0 | 4 | _aปฏิวัติ -- ลาตินอเมริกัน |
| 650 | 0 | 4 | _aนักปฏิวัติ |
| 650 | 0 | 4 | _aกูวารา, เออร์เนสโต, ค.ศ. 1928--1967 |
| 850 | _aNALT | ||
| 942 |
_cGB _2lcc |
||
| 999 |
_c43033 _d43033 |
||
| 998 |
_j8 _k นายบัณฑิต อุทาวงค์ |
||